FDI in India's retail sector: more bad than good? (Record no. 64355)

000 -LEADER
fixed length control field 00970pab a2200157 454500
008 - FIXED-LENGTH DATA ELEMENTS--GENERAL INFORMATION
fixed length control field 180718b2005 xxu||||| |||| 00| 0 eng d
100 ## - MAIN ENTRY--PERSONAL NAME
Personal name Guruswamy, Mohan et al.
245 ## - TITLE STATEMENT
Title FDI in India's retail sector: more bad than good?
260 ## - PUBLICATION, DISTRIBUTION, ETC.
Date of publication, distribution, etc. 2005
300 ## - PHYSICAL DESCRIPTION
Extent p.619-23.
362 ## - DATES OF PUBLICATION AND/OR SEQUENTIAL DESIGNATION
Dates of publication and/or sequential designation 12 Feb
520 ## - SUMMARY, ETC.
Summary, etc. The entry of FDI in India's retail sector is inevitable. However, with the instruments of public policy in its hands, the government can slow down the process. Japan has done this quite effectively. The government can try to ensure that the domestic and foreign players are more or less on an equal footing and that the domestic traders are not at a special disadvantage. The small retailers must be given the opportunity to provide more personalised service, so that their higher costs are not taken advantage of by large supermarkets and hypermarkets. - Reproduced.
650 ## - SUBJECT ADDED ENTRY--TOPICAL TERM
Topical term or geographic name entry element Foreign investment
773 ## - HOST ITEM ENTRY
Main entry heading Economic and Political Weekly
909 ## -
-- 64355
Holdings
Withdrawn status Lost status Damaged status Not for loan Permanent Location Current Location Date acquired Serial Enumeration / chronology Barcode Date last seen Price effective from Koha item type
        Indian Institute of Public Administration Indian Institute of Public Administration 2018-07-19 Volume no: 40, Issue no: 7 AR64807 2018-07-19 2018-07-19 Articles

Powered by Koha